deathmetal lyrics by panchiko - Statistics

General Stats
  • This quiz has been taken 11 times
  • The average score is 68 of 119
Answer Stats
Answer % Correct
a
100%
And
100%
But
100%
car
100%
Educating
100%
flowers
100%
for
100%
forgotten
100%
her
100%
holdin'
100%
is
100%
keys
100%
mental
100%
on
100%
she
100%
she's
100%
someone
100%
special
100%
the
100%
who's
100%
all
86%
death
86%
friends
86%
harpy
86%
listen
86%
meds
86%
metal
86%
onto
86%
say
86%
to
86%
We
86%
'Cause
71%
They
71%
you're
71%
Givin'
57%
facial
43%
fat
43%
pigs
43%
he's
29%
mates
29%
Roy
29%
with
29%
Fokker
14%
holding
14%
La-la-la,la-la
14%
La-la-la-la,la-la
14%
No
14%
their
14%
completly
0%
do-do-don't-,do-do-do-don't-
0%
do-do-don't-,do-do-do-don't play the track
0%
faced
0%
Giving
0%
goes
0%
in
0%
it's
0%
knows
0%
Let it go
0%
not
0%
one
0%
rockers
0%
taste
0%
Where
0%
No matching quizzes found
Score Distribution
Percent of People with Each Score
Percentile by Number Answered
Your Score History
You have not taken this quiz